Vyřeší operační programy EU nezaměstnanost v Evropě?

Zhodnotenie počtu novo vytvorených pracovných miest v Českej republike, ktoré vznikli z fondov EÚ. Európa 2020 je stratégia Európskej únie, ktorej cieľom je dosiahnuť nový rast a sociálne začlenenie. Päť hlavných cieľov, ktoré musí EÚ v rámci tejto stratégie splniť.

Saved in:
Bibliographic Details
Main Author: Wildmannová, Mirka
Format: Book Chapter
Language:Czech
Subjects:
Tags: Add Tag
No Tags, Be the first to tag this record!

MARC

LEADER 00000nla a2200000 4500
001 0192114
005 20240417075048.1
041 0 |a cze 
044 |a SK 
245 1 0 |a Vyřeší operační programy EU nezaměstnanost v Evropě?  |c Mirka Wildmannová 
520 |a Zhodnotenie počtu novo vytvorených pracovných miest v Českej republike, ktoré vznikli z fondov EÚ. Európa 2020 je stratégia Európskej únie, ktorej cieľom je dosiahnuť nový rast a sociálne začlenenie. Päť hlavných cieľov, ktoré musí EÚ v rámci tejto stratégie splniť. 
610 2 0 |a Česko 
610 2 0 |a Európska únia 
610 2 0 |a politika sociálna 
610 2 0 |a politika kohézna 
610 2 0 |a fondy Európskej únie 
610 2 0 |a integrácia sociálna 
610 2 0 |a zamestnanosť 
100 1 |a Wildmannová, Mirka